| 000 | 01284cam a22003737a 4500 | ||
|---|---|---|---|
| 003 | CHAP | ||
| 005 | 20220329135016.0 | ||
| 008 | 971013s1978 r 00010 d | ||
| 010 | _a29457 | ||
| 011 | _a30429 | ||
| 035 | _a34541 | ||
| 040 | _cCHAP | ||
| 090 | _aTesis | ||
| 100 | 0 | 0 |
_aLépiz Ildefonso, Rogelio. _967437 |
| 245 | 1 | 3 | _aLa asociación maíz-frijol y el aprovechamiento de la luz solar |
| 260 |
_aChapingo, Méx. : _bEl autor, _c1978 |
||
| 300 |
_a304 h. _b: gráfs. |
||
| 502 | _aTesis (Doctor en Ciencias. Esp. en Genética) -- SARH. Colegio de Postgraduados. Rama de Genética | ||
| 590 |
_aALEPH _b10 _c20130110 _lUCH01 _h1251 |
||
| 590 |
_aBATCH-UPD _b10 _c20130110 _lUCH01 _h1821 |
||
| 590 |
_aBATCH-UPD _b10 _c20130410 _lUCH01 _h1155 |
||
| 590 |
_aBATCH-UPD _b10 _c20130914 _lUCH01 _h1124 |
||
| 590 |
_aCONVERSION _b10 _c20130109 _lUCH01 _h1317 |
||
| 650 | 1 | 4 |
_aCultivos asociados. _930370 |
| 650 | 1 | 4 |
_aEnergía solar en agricultura. _936913 |
| 650 | 1 | 4 |
_aFotosíntesis. _942737 |
| 650 | 1 | 4 |
_aFrijol _xRendimiento. _943429 |
| 650 | 1 | 4 |
_aMaíz _xRendimiento. _971051 |
| 901 | _aBK | ||
| 942 | _cFOLL | ||
| 949 |
_aTesis _bBC _cTES _d345413 _eTS2 _fc.3 _i34541 _si |
||
| 949 |
_bBC _cTES _d-79872 _eTS1 _i34541 _si |
||
| 949 |
_bBC _cTES _d33724000907663 _eTS2 _fc.2 _i34541 _si |
||
| 999 |
_c29457 _d29457 |
||